000 01144nam a2200253 a 4500
001 575900
003 AM-YEHGA
005 20260225092815.0
008 090514s1962 ru ac|||r|||||000|0drus|d
040 _aAM-YEHGA
041 0 _arus
100 1 _aКолпинская, Елена Михайловна
245 1 0 _aПейзажи Армении М. Сарьяна /
_cЕ. Колпинская.
260 _aМосква :
_bИзд-во Акад. худож. СССР,
_c1962.
300 _a16, [27] с. :
_bцв. ил. ;
_c26 см.
500 _aСарьян, Мартирос Сергеевич = Սարյան, Մարտիրոս Սարգսի
600 1 4 _aՍարյան, Մարտիրոս Սարգսի,
_d1880-1972
_91036
650 1 4 _aИскусство
_95446
650 1 4 _aИзобразительное искусство
_y20 в.
_zАрмения
650 1 4 _aЖивопись
_xИстория живописи
_z20 в.
650 1 4 _aЖивопись Армении
_xПейзажная живопись
650 1 4 _aДеятели армянской культуры
_xЖизнь и творчество
_y20 в.
942 _2udc
_cBK
999 _c537645
_d537645